Hamlet: el Príncipe de Dinamarca
Saved in:
| 主要作者: | |
|---|---|
| 格式: | 圖書 |
| 語言: | 西班牙语 |
| 出版: |
Madrid
Mediterráneo
1972
|
| 版: | 3a. ed |
| 叢編: | Edime, 18
|
| 主題: | |
| 標簽: |
添加標簽
沒有標簽, 成為第一個標記此記錄!
|
MARC
| LEADER | 00000nam a2200000 a 4500 | ||
|---|---|---|---|
| 001 | UCG6895 | ||
| 003 | CL-VaPUC | ||
| 008 | 110526e19720000SP |||||||||||||||||spa|d | ||
| 082 | 0 | 4 | |a 822 |b SHA |2 21 |
| 100 | |a Shakespeare, William |e author |9 265757 | ||
| 245 | 1 | 0 | |a Hamlet: el Príncipe de Dinamarca |
| 250 | |a 3a. ed | ||
| 300 | |a 150 p | ||
| 942 | |c BK | ||
| 945 | |d 20110526 00:00:00 |a jcampos | ||
| 260 | |a Madrid |b Mediterráneo |c 1972 | ||
| 650 | 0 | |a Literatura inglesa |9 312907 | |
| 650 | 0 | |a Teatro inglés |9 265744 | |
| 650 | 0 | |a Dramas ingleses |9 269396 | |
| 583 | |a last modification |c 20110526 00:00:00 |k Rodrigo Vera | ||
| 490 | 0 | |a Edime, 18 | |
| 999 | |c 345004 |d 345002 | ||
| 952 | |0 0 |1 0 |4 0 |6 822_000000000000000_SHA_1972 |7 0 |8 A |9 443386 |a BIBING |b BIBING |d 2019-11-22 |i 4779835 |o 822 SHA 1972 |p 4779835 |r 2025-01-20 |w 2019-11-22 |y BK |k ING | ||